European economic integration and the Franc zone--: Executive summary (Record no. 62889)

MARC details
000 -LEADER
fixed length control field 01050nam a2200229 a 4500
008 - FIXED-LENGTH DATA ELEMENTS--GENERAL INFORMATION
fixed length control field 091014s1993 ||||||||||||||||| || u
050 ## - LIBRARY OF CONGRESS CALL NUMBER
Classification number AERC(08)RP/19A
100 ## - MAIN ENTRY--PERSONAL NAME
Personal name Niamkey, Amlan Madeleine
245 10 - TITLE STATEMENT
Title European economic integration and the Franc zone--: Executive summary
Statement of responsibility, etc. Allechi M'bet and Amlan Madeleine Niamkey
260 ## - PUBLICATION, DISTRIBUTION, ETC.
Place of publication, distribution, etc. Nairobi:
Name of publisher, distributor, etc. AERC
Date of publication, distribution, etc. 1993
300 ## - PHYSICAL DESCRIPTION
Extent 78p.
350 ## -
-- 0.00
362 1# -
-- Research paper no. 19 vol. 1 and 2
490 ## -
-- AERC Research paper
650 ## - SUBJECT ADDED ENTRY--TOPICAL TERM
Topical term or geographic name entry element ECONOMIC INTEGRATION--FRANCOPHONE AFRICA
650 ## - SUBJECT ADDED ENTRY--TOPICAL TERM
Topical term or geographic name entry element MONEY--AFRICA, FRENCH-SPEAKING WEST--STATISTICS
650 ## - SUBJECT ADDED ENTRY--TOPICAL TERM
Topical term or geographic name entry element MONEY--ECONOMIC INTEGRATION
700 ## - ADDED ENTRY--PERSONAL NAME
Personal name M'bet, Allechi
710 ## - ADDED ENTRY--CORPORATE NAME
Corporate name or jurisdiction name as entry element African Economic Research Consortium (AERC)
995 ## -
-- SPECIAL COLLECTIONS
-- 03004677
-- CBU-MAIN LIBRARY (Kitwe)
-- 0.00
-- AERC(08)RP/19B
-- 2
-- AVAILABLE
-- Apr 6, 2016
-- 03004677
-- International Publications
995 ## -
-- SPECIAL COLLECTIONS
-- 03004676
-- CBU-MAIN LIBRARY (Kitwe)
-- 0.00
-- AERC(08)RP/19A
-- 1
-- AVAILABLE
-- Mar 11, 2016
-- 03004676
-- International Publications
999 ## -
-- 62889
-- 62889
Holdings
Withdrawn status Lost status Source of classification or shelving scheme Damaged status Not for loan Permanent Location Current Location Shelving location Date acquired Total Checkouts Full call number Barcode Date last seen Price effective from Koha item type
          CBU-MAIN LIBRARY, KITWE. CBU-MAIN LIBRARY, KITWE.   12/16/2022   AERC(08)RP/19A 03004677 12/16/2022 12/16/2022 MONOGRAPH
          CBU-MAIN LIBRARY, KITWE. CBU-MAIN LIBRARY, KITWE.   12/16/2022   AERC(08)RP/19A 03004676 12/16/2022 12/16/2022 MONOGRAPH